Fundamenals of Digital Image Processing (Record no. 189395)
[ view plain ]
| 000 -LEADER | |
|---|---|
| fixed length control field | 00797 a2200181 4500 |
| 003 - CONTROL NUMBER IDENTIFIER | |
| control field | Nust |
| 005 - DATE AND TIME OF LATEST TRANSACTION | |
| control field | 20221116170918.0 |
| 020 ## - INTERNATIONAL STANDARD BOOK NUMBER | |
| International Standard Book Number | 8177584790 |
| 040 ## - CATALOGING SOURCE | |
| Transcribing agency | Nust |
| 082 ## - DEWEY DECIMAL CLASSIFICATION NUMBER | |
| Classification number | 621.367,ANN |
| 100 ## - MAIN ENTRY--PERSONAL NAME | |
| Personal name | S Annadurai |
| 9 (RLIN) | 102742 |
| 245 ## - TITLE STATEMENT | |
| Title | Fundamenals of Digital Image Processing |
| Statement of responsibility, etc. | S Annadurai & R. Shanmugalakshmi |
| 260 ## - PUBLICATION, DISTRIBUTION, ETC. | |
| Place of publication, distribution, etc. | India |
| Name of publisher, distributor, etc. | Pearson Education |
| Date of publication, distribution, etc. | 2008 |
| 300 ## - PHYSICAL DESCRIPTION | |
| Extent | xviii,422p. |
| 505 ## - FORMATTED CONTENTS NOTE | |
| Formatted contents note | Fundamentals of Digital Image Processing (Page-1), Digital Image Representation (Page-19), Image Transforms (Page-31), Image Enhancement (Page-73), Image Compression (Page-131), Image Segmentation (Page-227), Image Restoration (Page-259), Image Representation and Description (Page-283), Pattern Classification Methods (Page-317). |
| 650 ## - SUBJECT ADDED ENTRY--TOPICAL TERM | |
| Topical term or geographic name entry element | Telecommunication Engineering |
| 942 ## - ADDED ENTRY ELEMENTS (KOHA) | |
| Source of classification or shelving scheme | |
| Koha item type | Book |
| Withdrawn status | Lost status | Source of classification or shelving scheme | Damaged status | Not for loan | Permanent Location | Current Location | Shelving location | Date acquired | Full call number | Barcode | Date last seen | Price effective from | Koha item type | Public note |
|---|---|---|---|---|---|---|---|---|---|---|---|---|---|---|
| Military College of Signals (MCS) | Military College of Signals (MCS) | General Stacks | 12/12/2016 | 621.367,ANN | MCS35085 | 12/08/2016 | 12/12/2016 | Book | Almirah No.30, Shelf No.2 |
